LEADER 00971nam2 22002892 450 001 000003790 005 20050630120000.0 010 $a88-7051-079-4 100 $a--------d1990----km-y0itay50------ba 101 $aita 102 $aIT 200 1 $aTavole sinottiche, sistema nervoso centrale$f[Giuseppe C. Balboni, Arnaldo Bastianini, Enzo Brizzi...et al.] 205 $a3. ed. 210 $a[Milano]$cEdi-ermes$d1990$hstampa 2000 215 $aVIII, 95 p.$cill.$d21 cm 461 1$1001000003786$12001$aAnatomia umana$vvolume 4 610 1 $aSistema nervoso centrale$aAnatomia 610 1 $aAnatomia umana 676 $a611.8 701 1$aBalboni,$bGiuseppe C.$0630182 701 1$aBastianini,$bArnaldo$0630183 701 1$aBrizzi,$bEnzo$0367257 801 0$aIT $bUNIPARTHENOPE $gRICA $2UNIMARC 912 $a000003790 951 $cNAVA1$a611-A/1 (IV)$b35172 (4)$d20020409 996 $aTavole sinottiche, sistema nervoso centrale$91223582 997 $aUNIPARTHENOPE LEADER 01499cam0 2200337 450 001 E600200021804 005 20231124125226.0 010 $a8814132003 100 $a20061019d2006 |||||ita|0103 ba 101 $aita 102 $aIT 200 1 $aCodice amministrativo$eannotato con la giurisprudenza$eammesso alle prove scritte dell'esame di avvocato$fFrancesco Caringella, Roberto Garofoli 210 $aMilano$cGiuffrè$d2006 215 $aXVI, 3216 p.$d24 cm 225 2 $aPercorsi 410 1$1001LAEC00023283$12001 $a*Percorsi 700 1$aCaringella$b, Francesco$3AF00003949$4070$039804 701 1$aGarofoli, Roberto$3AF00010900$4070$0415495 801 0$aIT$bUNISOB$c20231124$gRICA 850 $aUNISOB 852 $aUNISOB$j340|Ita|Cod$m131737 852 $aUNISOB$j340|Ita|Cod$m131778 852 $aUNISOB$jGiurisprudenza|Ita|Cod|A|S$m131779 912 $aE600200021804 940 $aM 102 Monografia moderna SBN 941 $aM 957 $a340|Ita|Cod$b000207$gSI$d131737$racquisto$1catenacci$2UNISOB$3UNISOB$420061019062557.0$520210916083738.0$6menle 957 $a340|Ita|Cod$b000239$gSI$d131778$racquisto$1catenacci$2UNISOB$3UNISOB$420061020073454.0$520191014160908.0$6catenaccif 957 $aGiurisprudenza|Ita|Cod|A|S$b000017$gCON$d131779$hGiurisprudenzaAS$racquisto$1catenacci$2UNISOB$3UNISOB$420061020074711.0$520231124125226.0$6Spinosa$fconsultabile nell'aula studio della Facoltà di Giurisprudenza 996 $aCodice amministrativo$91779161 997 $aUNISOB